rice production in phnom srouch district, kampong speu province,ផលិតកម្មដំណាំស្រូវនៅស្រុកភ្នំស្រួចខេត្តកំពង់ស្ពឺ (Record no. 17029)
[ view plain ]
| 000 -LEADER | |
|---|---|
| fixed length control field | 00597nam a22001577a 4500 |
| 003 - CONTROL NUMBER IDENTIFIER | |
| control field | OSt |
| 005 - DATE AND TIME OF LATEST TRANSACTION | |
| control field | 20180718142937.0 |
| 008 - FIXED-LENGTH DATA ELEMENTS--GENERAL INFORMATION | |
| fixed length control field | 180718b xxu||||| |||| 00| 0 eng d |
| 040 ## - CATALOGING SOURCE | |
| Transcribing agency | RUA |
| 082 ## - DEWEY DECIMAL CLASSIFICATION NUMBER | |
| Classification number | AGR VEN 2016 B604 Or.1 |
| 100 ## - MAIN ENTRY--PERSONAL NAME | |
| 9 (RLIN) | 12917 |
| Personal name | VENG PHANA ,វ៉េង ផាណូ |
| 245 ## - TITLE STATEMENT | |
| Title | rice production in phnom srouch district, kampong speu province,ផលិតកម្មដំណាំស្រូវនៅស្រុកភ្នំស្រួចខេត្តកំពង់ស្ពឺ |
| 260 ## - PUBLICATION, DISTRIBUTION, ETC. (IMPRINT) | |
| Place of publication, distribution, etc. | phnom penh |
| Name of publisher, distributor, etc. | rua |
| Date of publication, distribution, etc. | 2016 |
| 300 ## - PHYSICAL DESCRIPTION | |
| Extent | x;42p; |
| Other physical details | ill; |
| Dimensions | 29cm; |
| 942 ## - ADDED ENTRY ELEMENTS (KOHA) | |
| Source of classification or shelving scheme | |
| Koha item type | VEM |
| Price effective from | Date last seen | Permanent Location | Not for loan | Date acquired | Source of classification or shelving scheme | Koha item type | Lost status | Withdrawn status | Date last checked out | Total Checkouts | Shelving location | Damaged status | Barcode | Current Location | Full call number |
|---|---|---|---|---|---|---|---|---|---|---|---|---|---|---|---|
| 2018-07-18 | 2018-07-18 | Library Block B | 2018-07-18 | VEM | B604 | A29679 | Library Block B | AGR VEN 2016 B604 Or.1 | |||||||
| 2018-07-18 | 2018-07-18 | Library Block B | 2018-07-18 | VEM | B604 | A30412 | Library Block B | AGR VEN 2016 B604 Or.2 | |||||||
| 2018-07-18 | 2018-07-18 | Library Block B | 2018-07-18 | VEM | B604 | A29399 | Library Block B | AGR VEN 2016 B604 Or.3 | |||||||
| 2018-07-18 | 2018-07-18 | Library Block B | 2018-07-18 | VEM | B604 | A30134 | Library Block B | AGR VEN 2016 B604 Or.4 | |||||||
| 2018-07-18 | 2018-07-18 | Library Block B | 2018-07-18 | VEM | B604 | A30637 | Library Block B | AGR VEN 2016 B604 Or.5 | |||||||
| 2018-07-18 | 2020-03-10 | Library Block B | 2018-07-18 | VEM | 2020-02-19 | 2 | B604 | A30642 | Library Block B | AGR VEN 2016 B604 Or.6 | |||||
| 2018-07-18 | 2025-11-14 | Library Block B | 2018-07-18 | VEM | 2025-11-10 | 4 | B604 | A30717 | Library Block B | AGR VEN 2016 B604 Or.7 | |||||
| 2018-07-18 | 2025-01-04 | Library Block B | 2018-07-18 | VEM | 2024-12-10 | 2 | B604 | A30712 | Library Block B | AGR VEN 2016 B604 Or.8 |